| 000 | 00975cam a2200289 4500 | ||
|---|---|---|---|
| 008 | 090401t1994 xxu||||| |||| 00| 0 eng d | ||
| 020 | _a0852589506 | ||
| 035 | _a(Sirsi) u50687 | ||
| 041 | _aeng | ||
| 050 | _a346.4104344 | ||
| 100 | _aFogel, Steven | ||
| 245 | _aTreatment of rental inducements and fitting-out at rent review. | ||
| 260 |
_aLondon _bGee _c1994 |
||
| 300 | _aiii,11p. ; 30cm. | ||
| 350 | _a0 | ||
| 520 | _aAnalyses the treatment within rent review clauses of rental inducements, assumptions about fitting-out and the disregard of the rental effect of improvements from the viewpoint of those negotiating rent review clauses. | ||
| 650 | _aDISREGARDS | ||
| 650 | _aRENT REVIEWS | ||
| 650 | _aRENTAL INDUCEMENTS | ||
| 650 |
_aValuation _96273 |
||
| 690 | _aLANDLORD AND TENANT-RENT REVIEWS | ||
| 700 | _aDale, Geoffrey | ||
| 710 |
_aTitmuss Sainer and Webb _92552 |
||
| 710 |
_aHillier Parker _92054 |
||
| 942 | _n0 | ||
| 948 | _c04/03/1997 | ||
| 999 |
_c92736 _d92736 |
||